000 00267nam a22001097a 4500
041 _aENG
245 _aAgricultural Tractors -Field Performes And Haulage Tests Guidelnes
260 _aNew Delhi
_bBIS
_c2001
300 _a05
650 _aBIS Code
856 _uBIS Code
999 _c2070
_d2070